Cuphead Bosses - Statistics

General Stats
  • This quiz has been taken 225 times
  • The average score is 14 of 39
Answer Stats
Picture Answer % Correct
King Dice
79%
The Devil
79%
Ribby
74%
Hilda Berg
72%
Croaks
71%
Cala Maria
65%
Cagney Carnation
64%
Goopy Le Grande
64%
Beppi the Clown
62%
Baroness Von Bon Bon
61%
Djimmi the Great
58%
Chef Saltbaker
55%
Sally Stageplay
54%
Werner Wermen
54%
Captain Brineybeard
52%
Grim Matchstick
51%
Wally Warbles
51%
Rumor Honeybottoms
44%
Glumstone the Giant
31%
Mortimer Freeze
29%
Willy Warbles
29%
Dr. Khal
27%
Ollie Bulb
27%
Head of the Train
23%
Sal Spudder
20%
Esther Winchester
18%
Conductor
16%
Horace Radish
16%
Anteater
13%
Blind Specter
12%
Chauncy Chantenay
11%
Sally's Husband
11%
Lollipop Ghouls
10%
Pilot Bulldog
6%
Light Bug
3%
Yankee Yippers
3%
Snail Boss
2%
Charlie Left Legs
1%
Sgt. O'Fera
1%
No matching quizzes found
Score Distribution
Percent of People with Each Score
Percentile by Number Answered
Your Score History
You have not taken this quiz